The politics of privatization
| Titel: | The politics of privatization : wealth and power in post-communist Europe / John A. Gould |
|---|---|
| Verfasser: | |
| Veröffentlicht: | Boulder, CO [u.a.] : Lynne Rienner Publ., 2011 |
| Umfang: | 246 S. ; 23x15 cm |
| Format: | Buch |
| Sprache: | Englisch |
| RVK-Notation: |
·
·
|
| ISBN: | 9781588267832 ; 1588267830 |
| Hinweise zum Inhalt: |
Inhaltsverzeichnis
|
alg: 26209144
001A $06056:20-05-11
001B $06055:01-03-26 $t19:45:39.000
001C $00026:11-10-11 $t14:40:19.000
001D $00026:11-10-11
001U $0utf8
001X $00
002@ $0Aau
003@ $0262091445
003O $0751967215 $aOCoLC
004A $A978-1-588-26783-2 $f(pbk.) £19.50
004A $01-588-26783-0 $f(pbk.) £19.50
006H $09781588267832 $2NBD
007A $0262091445 $aHEB
007G $0DE0105AAAA0FBB02A4094C12578990049CB5F
009P $qapplication/pdf $A2 $3Inhaltsverzeichnis $uhttp://scans.hebis.de/HEBCGI/show.pl?26209144_toc.pdf $mV:DE-603;B:DE-Mb50
010@ $aeng
011@ $a2011
021A $aThe @politics of privatization $dwealth and power in post-communist Europe $hJohn A. Gould
028A $#Gould, John $#Gould, J. $D20220215 $Ecgwrk $7171827198 $8Gould, John A.$Z1962- [Tp3] $9291157289
033A $pBoulder, CO {[u.a.] $nLynne Rienner Publ.
034D $a246 S.
034I $a23x15 cm
037A $aPaperback
039U $8--Oou--Tucker, Joshua A.$Z1971- [Tp3]. [Gould, John: the politics of privatization, 2012. - DOI 10.5612/slavicreview.71.4.0932 $9424836491
044A $aPolitical economy $2bicssc $N650
044A $aEconomics $2eflch $N650
044B $0NBD $aKCP $2bicssc
044B $0NBD $aECO $2eflch
044K $REntstaatlichung $RDeregulierung $RContracting-out $#Privatization $#Privatisations $#Privatisierung $#Privatisierung $#Privatisierung $D20251120 $Ecgmnf $74047297-8 $8Privatisierung [Ts1] $908513192X
044K $RPolitik $#Economic policy $#Politique économique $#Política económica $#economic policies $#Wirtschaftspolitik $#Wirtschaftspolitik $#Volkswirtschaftspolitik $#Allgemeine Wirtschaftspolitik $D20251120 $Ecgmnf $74066493-4 $8Wirtschaftspolitik [Tsz] $9085186929
044K $#Post-communism $#Postcommunisme $#Postcomunismo $#Postcomunismo $#postkommunistische Gesellschaft $#Nach-Kalter-Krieg-Ära $#Postsozialismus $D20251120 $Ecgmnf $74998161-4 $8Postkommunismus [Ts1] $9134568192
044K $REuropa $ROstblock $ROstmitteleuropa $#Europa, Ost $#Östliches Europa $#Central Europe Osteuropa $D20251120 $Ecgmnf $74075739-0 $8Osteuropa [Tg1] $9085214396
045F $a909 $eDDC23BSB
045F/01 $a909
045F/03 $f09048
045F/03 $f09049
045F/03 $g47
045F/03 $g437
045G $a330.094709049 $eDDC23BSB
045G/01 $a330.09
045G/03 $f09049
045G/03 $f0905
045G/03 $g47
045G/03 $g437
045G/03 $g4371
045G/03 $g4373
045H $a306.094709049 $eDDC23BSB
045H/01 $a306.09
045H/03 $f09049
045H/03 $g47
045H/03 $g437
045Z $D20251120 $Ecgmnf $8QG 470 [Tkv] $9411126873
045Z $D20251120 $Ecgmnf $8QR 420 [Tkv] $9411132520
045Z $D20251120 $Ecgmnf $8MG 80910 [Tkv] $9410544272
lok: 26209144 24
101B $012-05-16 $t08:48:35.000
101C $012-05-16
101U $0utf8
145Z/01 $a31 7 Q
145Z/02 $a31 13 Nd
145Z/03 $a31 13 Ka
145Z/04 $a22 13 Nd
145Z/05 $a23 13 Nd
145Z/06 $a24 13 Nd
exp: 26209144 24 1 #EPN
201B/01 $012-05-16 $t08:48:35.000
201C/01 $021-04-16
201U/01 $0utf8
203@/01 $0771773021
208@/01 $a12-05-16 $bz
209A/01 $a16.02920 $du $f050 $h16 02920 $x00
209C/01 $a16.02920 K $h16 02920 K
209G/01 $a73898200 $x00
220C/01 $aeng/hae
247C/01 $8358050-7 Marburg, Bibliothek des Herder-Instituts Marburg $9102600961
lok: 26209144 78
exp: 26209144 78 1 #EPN
201B/01 $015-01-18 $t17:03:34.000
201C/01 $015-01-18
201U/01 $0utf8
203@/01 $01015273122
208@/01 $a15-01-18 $be
209A/01 $a/ $f000 $x00
209A/01 $ab*p $x01
220C/01 $apgar
244Z/01 $#Ostmitteleuropa $#Ostmitteleuropa $#Mitteleuropa, Ost $#Central Europe Ostmitteleuropa $#Mittelosteuropa $74075753-5 $8--Tg1--Ostmitteleuropa $x01 $9085214485
244Z/01 $#Tschechoslowakei $#Tschechoslowakei $#Tschechoslowakei $#Tschechische und Slowakische Föderative Republik $#République Tchéco-Slovaque $#Tchécoslovaquie $#Československá Federativní Republika $#Česká a Slovenská Federativní Republika $#Czech and Slovak Federal Republic $#ČSFR $#ČSSR $#ČSR $#RČS $#Československo $#Československá Socialistická Republika $#Československá Republika $#Tschechoslowakische Sozialistische Republik $#Tschechoslowakische Republik $#Tschechoslowakische Föderative Republik $#Republika Československá $#Czechoslovakia $#Čechoslovakische Republik $#République Tchécho-Slovaque $#Tchéchoslovaquie $#Czechoslovak Socialist Republic $#Checoeslovaquia $#Cecoslovacchia $#Čechoslovakija $#République tchécoslovaque $74078435-6 $8--Tg1--Tschechoslowakei $x02 $9085222305
244Z/01 $#Böhmische Kronländer $#Länder der Böhmischen Krone $#Sudetenland $#Böhmen $#Mähren $#Mährisch-Schlesien $#Österreichisch-Schlesien $#Tschechische Sozialistische Republik Böhmische Länder $#Tschechei Böhmische Länder $#Země koruny české $74069573-6 $8--Tg1--Böhmische Länder $x03 $9085195553
244Z/01 $#Slowakei $#Slowakei $#Slowakei $#Slowakische Republik (1938-1945) $#Slowakische Republik $#Oberungarn $#Slovensko $#Slovenská Republika $#Slovenská SR $#SSR $#Slovakia $#Slovaquie $#Slovak Republic $#République Slovaque $#Slovenská Socialistická Republika $#Slowakische Sozialistische Republik $#Slovak Socialist Republic $#République Socialiste Slovaque $74055297-4 $8--Tg1--Slowakei $x04 $9085153834
247C/01 $82080>Marburg/Lahn, Herder-Institut, Forschungsbibliothek, Bibliographieportal $9336309341
lok: 26209144 204
exp: 26209144 204 1 #EPN
201B/01 $006-03-26 $t15:02:05.000
201C/01 $012-09-11
201U/01 $0utf8
203@/01 $0629568235
208@/01 $a11-10-11 $bzl0204
209A/01 $a13/67 $do $f010 $h345 13 67 $x00
209G/01 $ahap10217084 $x01
247C/01 $8631010-2 <26/010>Gießen, Universität Gießen, Zweigbibliothek Recht und Wirtschaft $9102596751
| LEADER | 00000cam a2200000 c 4500 | ||
|---|---|---|---|
| 001 | 262091445 | ||
| 003 | DE-603 | ||
| 005 | 20260301194539.0 | ||
| 007 | tu | ||
| 008 | 110520s2011 xx |||| | u00||u|eng c | ||
| 020 | |a 9781588267832 |c (pbk.) £19.50 | ||
| 020 | |a 1588267830 |c (pbk.) £19.50 | ||
| 035 | |a (DE-599)HEB262091445 | ||
| 035 | |a (OCoLC)751967215 | ||
| 040 | |a DE-603 |b ger |c DE-603 |d DE-603 | ||
| 041 | |a eng | ||
| 082 | 0 | 4 | |8 1\u |a 909 |q DE-101 |2 23/BSB |
| 083 | 0 | |8 2\u |a 330.094709049 |q DE-101 |2 23/BSB | |
| 083 | 0 | |8 3\u |a 306.094709049 |q DE-101 |2 23/BSB | |
| 084 | |a QG 470 |0 (DE-625)141494: |0 (DE-603)411126873 |2 rvk | ||
| 084 | |a QR 420 |0 (DE-625)142032: |0 (DE-603)411132520 |2 rvk | ||
| 084 | |a MG 80910 |0 (DE-625)122863:12222 |0 (DE-603)410544272 |2 rvk | ||
| 085 | |8 1\u |b 909 | ||
| 085 | |8 1\u |z 1 |s 09048 | ||
| 085 | |8 1\u |z 1 |s 09049 | ||
| 085 | |8 1\u |z 2 |s 47 | ||
| 085 | |8 1\u |z 2 |s 437 | ||
| 085 | |8 2\u |b 330.09 | ||
| 085 | |8 2\u |z 1 |s 09049 | ||
| 085 | |8 2\u |z 1 |s 0905 | ||
| 085 | |8 2\u |z 2 |s 47 | ||
| 085 | |8 2\u |z 2 |s 437 | ||
| 085 | |8 2\u |z 2 |s 4371 | ||
| 085 | |8 2\u |z 2 |s 4373 | ||
| 085 | |8 3\u |b 306.09 | ||
| 085 | |8 3\u |z 1 |s 09049 | ||
| 085 | |8 3\u |z 2 |s 47 | ||
| 085 | |8 3\u |z 2 |s 437 | ||
| 100 | 1 | |a Gould, John A. |d 1962- |0 (DE-603)291157289 |0 (DE-588)171827198 |2 gnd | |
| 245 | 0 | 0 | |a The politics of privatization |b wealth and power in post-communist Europe |c John A. Gould |
| 264 | 1 | |a Boulder, CO [u.a.] |b Lynne Rienner Publ. |c 2011 | |
| 300 | |a 246 S. |c 23x15 cm | ||
| 500 | |a Paperback | ||
| 650 | 7 | |a Privatisierung |0 (DE-588)4047297-8 |0 (DE-603)08513192X |2 gnd | |
| 650 | 7 | |a Wirtschaftspolitik |0 (DE-588)4066493-4 |0 (DE-603)085186929 |2 gnd | |
| 650 | 7 | |a Postkommunismus |0 (DE-588)4998161-4 |0 (DE-603)134568192 |2 gnd | |
| 651 | 7 | |a Osteuropa |0 (DE-588)4075739-0 |0 (DE-603)085214396 |2 gnd | |
| 787 | 0 | 8 | |i Rezensiert in |a Tucker, Joshua A., 1971- |t [Gould, John: the politics of privatization |o 10.5612/slavicreview.71.4.0932 |w (DE-603)424836491 |
| 856 | 4 | 2 | |m V:DE-603;B:DE-Mb50 |q application/pdf |u http://scans.hebis.de/HEBCGI/show.pl?26209144_toc.pdf |3 Inhaltsverzeichnis |
| 924 | 0 | |9 Mb 50 |a (DE-603)771773021 |b DE-Mb50 |c HES |d c |g 16.02920 | |
| 924 | 0 | |9 2080 |a (DE-603)1015273122 |b DE-2080 |c HES |d d |g / | |
| 924 | 0 | |9 26/010 |a (DE-603)629568235 |b DE-26-010 |c HES |d d |g 13/67 |h hap10217084 | |


